El concepto del amor en la fraseología española y eslovaca bakalárska práca

Saved in:
Bibliographic Details
Main Author: Bartošovičová, Terézia
Corporate Author: Fakulta aplikovaných jazykov EU v Bratislave. Katedra románskych a slovanských jazykov
Other Authors: Mocková, Nina, 1987-
Format: Book
Language:Spanish
Published: Bratislava 2023
Tags: Add Tag
No Tags, Be the first to tag this record!

MARC

LEADER 00000nbm a2200000 4500
001 0292821
005 20240920135837.5
041 0 |a spa 
044 |a SK 
245 1 0 |a El concepto del amor en la fraseología española y eslovaca  |b bakalárska práca  |c Terézia Bartošovičová ; školiteľ: Nina Mocková 
264 1 |a Bratislava  |c 2023 
300 |a 52 s. 
100 1 |a Bartošovičová, Terézia 
700 1 |a Mocková, Nina, 1987- 
710 2 |a Fakulta aplikovaných jazykov EU v Bratislave. Katedra románskych a slovanských jazykov